[Event "IMP Mezczyzn do lat 20"]
[Site "Chotowa"]
[Date "2023.10.31"]
[Round "1.18"]
[White "Kondys, Piotr"]
[Black "Boryna, Szymon"]
[Result "1-0"]
[BlackElo "1463"]
[WhiteElo "2122"]
[LiveChessVersion "1.4.8"]

1. e4 {[%clk 1:29:00]} e6 {[%clk 1:30:23]} 2. d4 {[%clk 1:29:13]} d5
{[%clk 1:30:43]} 3. Nc3 {[%clk 1:29:29]} Nf6 {[%clk 1:30:48]} 4. e5
{[%clk 1:29:43]} Nfd7 {[%clk 1:31:08]} 5. Nce2 {[%clk 1:29:57]} c5
{[%clk 1:31:16]} 6. c3 {[%clk 1:30:16]} Nc6 {[%clk 1:31:17]} 7. f4
{[%clk 1:30:31]} Qb6 {[%clk 1:29:45]} 8. Nf3 {[%clk 1:27:41]} Be7
{[%clk 1:28:46]} 9. h4 {[%clk 1:21:00]} O-O {[%clk 1:23:32]} 10. a3
{[%clk 1:16:48]} a6 {[%clk 1:11:28]} 11. h5 {[%clk 1:11:45]} cxd4
{[%clk 1:07:37]} 12. cxd4 {[%clk 1:11:32]} Qd8 {[%clk 0:57:46]} 13. Neg1
{[%clk 0:46:06]} b5 {[%clk 0:51:31]} 14. Bd3 {[%clk 0:44:57]} f5 {[%clk 0:46:45]}
15. Qc2 {[%clk 0:26:28]} Bb7 {[%clk 0:45:39]} 16. g4 {[%clk 0:25:16]} fxg4
{[%clk 0:42:42]} 17. Bxh7+ {[%clk 0:25:21]} Kh8 {[%clk 0:43:08]} 18. h6
{[%clk 0:24:59]} Rf7 {[%clk 0:42:55]} 19. hxg7+ {[%clk 0:23:33]} Rxg7
{[%clk 0:43:11]} 20. Bf5+ {[%clk 0:23:40]} 1-0

[Event "IMP Mezczyzn do lat 20"]
[Site "Chotowa"]
[Date "2023.10.31"]
[Round "2.1"]
[White "Niedbala, Bartlomiej"]
[Black "Redzisz, Michal"]
[Result "1-0"]
[BlackElo "2228"]
[WhiteElo "2400"]
[LiveChessVersion "1.4.8"]

1. Nf3 {[%clk 1:30:47]} d5 {[%clk 1:28:02]} 2. g3 {[%clk 1:29:41]} Nf6
{[%clk 1:28:09]} 3. Bg2 {[%clk 1:30:03]} c5 {[%clk 1:28:36]} 4. c4
{[%clk 1:20:25]} d4 {[%clk 1:29:02]} 5. e3 {[%clk 1:20:13]} Nc6 {[%clk 1:29:29]}
6. exd4 {[%clk 1:19:42]} cxd4 {[%clk 1:29:55]} 7. d3 {[%clk 1:19:06]} e5
{[%clk 1:20:08]} 8. O-O {[%clk 1:17:02]} Nd7 {[%clk 1:20:37]} 9. Re1
{[%clk 0:58:06]} Be7 {[%clk 1:20:47]} 10. Na3 {[%clk 0:58:04]} O-O
{[%clk 1:18:43]} 11. Nc2 {[%clk 0:57:56]} Re8 {[%clk 1:09:57]} 12. Rb1
{[%clk 0:55:36]} a5 {[%clk 1:10:23]} 13. b3 {[%clk 0:54:16]} Qc7 {[%clk 0:31:33]}
14. a3 {[%clk 0:40:37]} Rb8 {[%clk 0:27:27]} 15. b4 {[%clk 0:30:10]} axb4
{[%clk 0:27:54]} 16. axb4 {[%clk 0:23:28]} b5 {[%clk 0:28:20]} 17. c5
{[%clk 0:21:20]} Bb7 {[%clk 0:27:38]} 18. Na3 {[%clk 0:20:03]} Ba8
{[%clk 0:26:47]} 19. Qb3 {[%clk 0:16:46]} Nf8 {[%clk 0:19:41]} 20. Bg5
{[%clk 0:15:08]} Ne6 {[%clk 0:15:29]} 21. Bxe7 {[%clk 0:15:07]} Rxe7
{[%clk 0:15:55]} 22. Ra1 {[%clk 0:15:07]} Ree8 {[%clk 0:09:13]} 23. Ra2
{[%clk 0:14:27]} g6 {[%clk 0:05:56]} 24. Rae2 {[%clk 0:13:55]} Ng7
{[%clk 0:05:04]} 25. Ng5 {[%clk 0:13:33]} Re7 {[%clk 0:03:53]} 26. Ne4
{[%clk 0:08:51]} Ne8 {[%clk 0:04:19]} 27. Ra2 {[%clk 0:08:11]} Na7
{[%clk 0:03:11]} 28. Rea1 {[%clk 0:05:05]} Bc6 {[%clk 0:03:39]} 29. Nc2
{[%clk 0:04:24]} Nc8 30. Ra6 {[%clk 0:04:31]} Bb7 {[%clk 0:03:20]} 31. R6a5
{[%clk 0:05:00]} Bc6 {[%clk 0:03:46]} 32. Re1 {[%clk 0:04:45]} Kg7
{[%clk 0:04:01]} 33. Qb2 {[%clk 0:02:09]} Qb7 {[%clk 0:02:07]} 34. Bh3
{[%clk 0:02:26]} Bd7 {[%clk 0:01:12]} 35. Bf1 {[%clk 0:02:30]} Bc6
{[%clk 0:01:14]} 36. f4 {[%clk 0:02:51]} f6 {[%clk 0:00:56]} 37. fxe5
{[%clk 0:02:32]} fxe5 {[%clk 0:01:23]} 38. Raa1 {[%clk 0:02:27]} Qd7
{[%clk 0:01:29]} 39. Bg2 {[%clk 0:02:25]} Bd5 {[%clk 0:00:33]} 40. Rf1
{[%clk 0:31:59]} Bxe4 {[%clk 0:30:36]} 41. Bxe4 {[%clk 0:30:51]} Nf6
{[%clk 0:31:00]} 42. Bg2 {[%clk 0:30:21]} Na7 {[%clk 0:26:06]} 43. Ra6
{[%clk 0:26:42]} Rf8 {[%clk 0:26:35]} 44. Qa1 {[%clk 0:22:37]} Nc8
{[%clk 0:26:23]} 45. Qe1 {[%clk 0:16:15]} Rff7 {[%clk 0:19:38]} 46. Qd2
{[%clk 0:11:25]} Qg4 {[%clk 0:11:26]} 47. Ra8 {[%clk 0:08:57]} Ra7
{[%clk 0:11:13]} 48. h3 {[%clk 0:07:02]} Qe6 {[%clk 0:10:02]} 49. Rxa7
{[%clk 0:06:09]} Rxa7 {[%clk 0:06:27]} 50. Qe2 {[%clk 0:06:37]} Re7
{[%clk 0:05:52]} 51. Qf3 {[%clk 0:06:27]} Rf7 {[%clk 0:04:39]} 52. Qe2
{[%clk 0:03:08]} Re7 {[%clk 0:04:55]} 53. Kh2 {[%clk 0:03:24]} Qd7
{[%clk 0:02:38]} 54. Qf2 {[%clk 0:03:05]} Rf7 {[%clk 0:02:03]} 55. Qe1
{[%clk 0:03:33]} Re7 {[%clk 0:02:18]} 56. Qa1 {[%clk 0:03:45]} Qe6
{[%clk 0:01:53]} 57. Qa5 {[%clk 0:03:33]} Na7 {[%clk 0:00:50]} 58. Qd8
{[%clk 0:03:47]} Rf7 {[%clk 0:00:46]} 59. Qb6 {[%clk 0:02:16]} Qa2
{[%clk 0:00:48]} 60. Ra1 {[%clk 0:02:02]} Qxc2 {[%clk 0:01:11]} 61. Rxa7
{[%clk 0:02:30]} Qxd3 {[%clk 0:00:33]} 62. Rxf7+ {[%clk 0:02:51]} Kxf7
{[%clk 0:01:02]} 63. Qc7+ {[%clk 0:02:39]} Ke6 {[%clk 0:01:23]} 64. Qd6+
{[%clk 0:02:00]} Kf7 {[%clk 0:00:34]} 65. c6 {[%clk 0:02:06]} Qc2
{[%clk 0:01:00]} 66. c7 {[%clk 0:01:53]} d3 {[%clk 0:01:26]} 67. Qc5
{[%clk 0:01:52]} Qxc5 {[%clk 0:00:48]} 68. bxc5 {[%clk 0:02:21]} d2
{[%clk 0:01:15]} 69. Bf3 {[%clk 0:02:44]} 1-0

[Event "IMP Mezczyzn do lat 20"]
[Site "Chotowa"]
[Date "2023.10.31"]
[Round "2.2"]
[White "Dziewonski, Dariusz"]
[Black "Fiedorek, Michal"]
[Result "1/2-1/2"]
[BlackElo "2334"]
[WhiteElo "2218"]
[LiveChessVersion "1.4.8"]

1. Nc3 {[%clk 1:30:37]} c5 {[%clk 1:24:06]} 2. Nf3 {[%clk 1:21:23]} Nc6
{[%clk 1:22:45]} 3. e4 {[%clk 1:20:05]} g6 {[%clk 1:19:43]} 4. d4
{[%clk 1:19:31]} cxd4 {[%clk 1:18:46]} 5. Nxd4 {[%clk 1:19:44]} Bg7
{[%clk 1:18:16]} 6. Be3 {[%clk 1:20:05]} Nf6 {[%clk 1:16:48]} 7. Bc4
{[%clk 1:20:04]} O-O {[%clk 1:16:26]} 8. Bb3 {[%clk 1:19:58]} Re8
{[%clk 1:15:16]} 9. O-O {[%clk 1:20:06]} d6 {[%clk 1:15:12]} 10. h3
{[%clk 1:19:35]} Na5 {[%clk 1:14:22]} 11. Re1 {[%clk 1:13:09]} a6
{[%clk 1:11:43]} 12. Qd3 {[%clk 1:03:52]} b5 {[%clk 1:07:17]} 13. a4
{[%clk 0:31:06]} e5 {[%clk 0:56:06]} 14. Nf3 {[%clk 0:29:42]} Nxb3
{[%clk 0:51:04]} 15. cxb3 {[%clk 0:30:08]} b4 {[%clk 0:50:17]} 16. Nd5
{[%clk 0:28:41]} Nxd5 {[%clk 0:45:50]} 17. Qxd5 {[%clk 0:29:06]} Be6
{[%clk 0:45:09]} 18. Qd3 {[%clk 0:28:57]} d5 {[%clk 0:44:03]} 19. exd5
{[%clk 0:28:23]} Qxd5 {[%clk 0:40:07]} 20. Qxd5 {[%clk 0:26:37]} Bxd5
{[%clk 0:40:30]} 21. Nd2 {[%clk 0:26:28]} e4 {[%clk 0:32:03]} 22. Rab1
{[%clk 0:24:24]} Rac8 {[%clk 0:28:57]} 23. Nc4 {[%clk 0:19:01]} Bxc4
{[%clk 0:27:46]} 24. bxc4 {[%clk 0:19:28]} Rxc4 {[%clk 0:27:34]} 25. b3
{[%clk 0:19:41]} Rc2 {[%clk 0:19:18]} 26. Red1 {[%clk 0:18:04]} Rec8
{[%clk 0:12:06]} 27. Rd6 {[%clk 0:15:49]} R2c6 {[%clk 0:11:09]} 28. Rbd1
{[%clk 0:13:40]} Be5 {[%clk 0:10:18]} 29. R6d5 {[%clk 0:08:59]} Re6
{[%clk 0:04:13]} 30. Bd4 {[%clk 0:03:17]} Bxd4 {[%clk 0:03:21]} 31. R5xd4
{[%clk 0:03:13]} a5 {[%clk 0:01:45]} 32. Rd8+ {[%clk 0:02:13]} Rxd8
{[%clk 0:02:01]} 33. Rxd8+ {[%clk 0:02:40]} Kg7 {[%clk 0:02:27]} 34. Rd5
{[%clk 0:03:01]} Rc6 {[%clk 0:00:47]} 35. Rxa5 {[%clk 0:03:14]} Rc1+
{[%clk 0:00:43]} 36. Kh2 {[%clk 0:03:39]} Rc3 {[%clk 0:00:58]} 37. Rb5
{[%clk 0:03:00]} Rxb3 {[%clk 0:01:11]} 38. g3 {[%clk 0:02:14]} Rb2
{[%clk 0:01:25]} 39. Kg1 {[%clk 0:02:40]} b3 {[%clk 0:01:27]} 40. h4
{[%clk 0:32:07]} Kf6 {[%clk 0:30:43]} 41. a5 {[%clk 0:30:14]} h5 {[%clk 0:23:05]}
42. a6 {[%clk 0:28:47]} Ra2 {[%clk 0:23:11]} 43. Rxb3 {[%clk 0:29:09]} Rxa6
{[%clk 0:23:36]} 44. Rb5 {[%clk 0:28:38]} Ra1+ {[%clk 0:20:58]} 45. Kg2
{[%clk 0:28:20]} Ra2 {[%clk 0:20:09]} 46. Kg1 {[%clk 0:27:51]} Rd2
{[%clk 0:20:10]} 47. Ra5 {[%clk 0:27:23]} Ke6 {[%clk 0:19:37]} 48. Kf1
{[%clk 0:25:00]} Rd5 {[%clk 0:18:22]} 49. Ra7 {[%clk 0:24:38]} Rb5
{[%clk 0:17:50]} 50. Kg2 {[%clk 0:22:40]} f6 {[%clk 0:17:34]} 51. Ra4
{[%clk 0:21:17]} Ke5 {[%clk 0:15:40]} 52. Ra6 {[%clk 0:19:49]} Kf5
{[%clk 0:15:49]} 53. Ra4 {[%clk 0:18:53]} g5 {[%clk 0:06:58]} 54. hxg5
{[%clk 0:18:40]} fxg5 {[%clk 0:06:37]} 55. Ra8 {[%clk 0:16:56]} Re5
{[%clk 0:00:55]} 56. Ra4 {[%clk 0:13:52]} Re6 {[%clk 0:00:42]} 57. Ra5+
{[%clk 0:13:33]} Re5 {[%clk 0:01:07]} 58. Ra4 {[%clk 0:13:59]} h4
{[%clk 0:01:06]} 59. gxh4 {[%clk 0:11:59]} gxh4 {[%clk 0:01:31]} 60. Ra8
{[%clk 0:07:59]} Kg4 {[%clk 0:00:52]} 61. Rh8 {[%clk 0:06:40]} Rg5
{[%clk 0:00:48]} 62. Rf8 {[%clk 0:06:21]} Rf5 {[%clk 0:00:40]} 63. Rh8
{[%clk 0:05:44]} Rg5 {[%clk 0:00:48]} 64. Rf8 {[%clk 0:06:09]} Rf5
{[%clk 0:00:40]} 65. Rh8 {[%clk 0:06:35]} Rf3 {[%clk 0:00:47]} 66. Rg8+
{[%clk 0:06:14]} Kf4 {[%clk 0:01:07]} 67. Rf8+ {[%clk 0:06:25]} Kg4
{[%clk 0:01:23]} 68. Rg8+ {[%clk 0:06:50]} Kf4 {[%clk 0:00:52]} 1/2-1/2

[Event "IMP Mezczyzn do lat 20"]
[Site "Chotowa"]
[Date "2023.10.31"]
[Round "2.3"]
[White "Rog, Bartlomiej"]
[Black "Kacprzak, Karol"]
[Result "0-1"]
[BlackElo "2317"]
[WhiteElo "2168"]
[LiveChessVersion "1.4.8"]

1. c4 {[%clk 1:30:51]} e6 {[%clk 1:29:24]} 2. Nf3 {[%clk 1:31:12]} Nf6
{[%clk 1:29:18]} 3. g3 {[%clk 1:31:35]} d5 {[%clk 1:29:38]} 4. Bg2
{[%clk 1:31:58]} Be7 {[%clk 1:30:05]} 5. O-O {[%clk 1:32:19]} O-O
{[%clk 1:30:32]} 6. d4 {[%clk 1:32:13]} c6 {[%clk 1:30:58]} 7. b3
{[%clk 1:32:24]} Nbd7 {[%clk 1:29:13]} 8. Bb2 {[%clk 1:32:45]} b6
{[%clk 1:29:20]} 9. Qd3 {[%clk 1:32:08]} Ba6 {[%clk 1:26:44]} 10. Nc3
{[%clk 1:27:52]} Qc8 {[%clk 1:23:00]} 11. e4 {[%clk 1:15:52]} b5 {[%clk 1:16:17]}
12. Nd2 {[%clk 1:15:54]} bxc4 {[%clk 1:15:30]} 13. bxc4 {[%clk 1:15:49]} Nb6
{[%clk 1:14:31]} 14. Rfe1 {[%clk 1:08:48]} Nxc4 {[%clk 1:13:53]} 15. Nxc4
{[%clk 1:08:53]} Bxc4 {[%clk 1:14:19]} 16. Qf3 {[%clk 1:09:14]} Rb8
{[%clk 1:09:24]} 17. Bc1 {[%clk 1:08:52]} dxe4 {[%clk 0:56:43]} 18. Nxe4
{[%clk 1:08:57]} Nxe4 {[%clk 0:57:05]} 19. Qxe4 {[%clk 1:09:16]} Bd5
{[%clk 0:57:33]} 20. Qg4 {[%clk 1:04:11]} Qd8 {[%clk 0:50:46]} 21. Bxd5
{[%clk 0:53:20]} cxd5 {[%clk 0:49:48]} 22. Bf4 {[%clk 0:53:40]} Rb4
{[%clk 0:46:09]} 23. Be5 {[%clk 0:53:19]} Bf6 {[%clk 0:46:13]} 24. Reb1
{[%clk 0:49:17]} Rxb1+ {[%clk 0:35:19]} 25. Rxb1 {[%clk 0:49:41]} Bxe5
{[%clk 0:35:42]} 26. dxe5 {[%clk 0:50:06]} Qc7 {[%clk 0:35:19]} 27. Qd4
{[%clk 0:49:00]} h6 {[%clk 0:30:15]} 28. h4 {[%clk 0:49:22]} Rb8 {[%clk 0:27:37]}
29. Rxb8+ {[%clk 0:45:52]} Qxb8 {[%clk 0:28:06]} 30. a4 {[%clk 0:45:57]} Qb1+
{[%clk 0:23:45]} 31. Kh2 {[%clk 0:46:13]} a5 {[%clk 0:22:20]} 32. Qc3
{[%clk 0:39:20]} Qa2 {[%clk 0:20:34]} 33. Qxa5 {[%clk 0:34:38]} Qxf2+
{[%clk 0:20:25]} 34. Kh3 {[%clk 0:35:02]} d4 {[%clk 0:16:17]} 35. Qa8+
{[%clk 0:21:26]} Kh7 {[%clk 0:16:44]} 36. Qe4+ {[%clk 0:21:48]} g6
{[%clk 0:17:05]} 37. Qd3 {[%clk 0:22:11]} Qb2 {[%clk 0:07:25]} 38. a5
{[%clk 0:10:26]} Qc3 {[%clk 0:06:20]} 39. Qf1 {[%clk 0:10:44]} Kg8
{[%clk 0:05:25]} 40. a6 {[%clk 0:34:57]} d3 {[%clk 0:34:05]} 41. Qf3
{[%clk 0:04:14]} Qd4 {[%clk 0:31:12]} 42. a7 {[%clk 0:03:21]} Qxa7
{[%clk 0:31:35]} 43. Qxd3 {[%clk 0:03:46]} Qf2 {[%clk 0:31:24]} 44. Qc3
{[%clk 0:03:04]} Kg7 {[%clk 0:31:16]} 45. Qa1 {[%clk 0:02:49]} g5
{[%clk 0:24:00]} 46. hxg5 {[%clk 0:01:17]} hxg5 {[%clk 0:24:28]} 47. Qc3
{[%clk 0:01:30]} Kg6 {[%clk 0:24:25]} 48. Qc7 {[%clk 0:00:42]} g4+
{[%clk 0:22:56]} 49. Kh4 {[%clk 0:00:44]} Qf5 {[%clk 0:23:12]} 50. Qxf7+
{[%clk 0:00:34]} Qxf7 {[%clk 0:23:35]} 51. Kxg4 {[%clk 0:00:55]} Qf5+
{[%clk 0:23:59]} 52. Kh4 {[%clk 0:01:19]} Qh5# {[%clk 0:24:26]} 0-1

[Event "IMP Mezczyzn do lat 20"]
[Site "Chotowa"]
[Date "2023.10.31"]
[Round "2.4"]
[White "Koziorowicz, Michal"]
[Black "Kondys, Piotr"]
[Result "1-0"]
[BlackElo "2122"]
[WhiteElo "2288"]
[LiveChessVersion "1.4.8"]

1. e4 {[%clk 1:30:42]} e5 {[%clk 1:30:12]} 2. Nf3 {[%clk 1:30:08]} d6
{[%clk 1:29:34]} 3. d4 {[%clk 1:28:54]} Nd7 {[%clk 1:29:51]} 4. Bc4
{[%clk 1:27:25]} c6 {[%clk 1:30:08]} 5. dxe5 {[%clk 1:25:53]} dxe5
{[%clk 1:30:00]} 6. Ng5 {[%clk 1:21:54]} Nh6 {[%clk 1:29:53]} 7. O-O
{[%clk 1:21:19]} Qe7 {[%clk 1:12:30]} 8. Be3 {[%clk 1:17:06]} Nb6
{[%clk 1:11:04]} 9. Bb3 {[%clk 1:16:58]} f6 {[%clk 1:06:47]} 10. Nf3
{[%clk 1:10:42]} Nf7 {[%clk 0:54:28]} 11. c4 {[%clk 1:03:25]} Be6
{[%clk 0:51:39]} 12. Qc2 {[%clk 1:02:47]} Nd7 {[%clk 0:42:18]} 13. a3
{[%clk 1:03:02]} g6 {[%clk 0:42:09]} 14. Nfd2 {[%clk 0:58:27]} Bg7
{[%clk 0:40:46]} 15. Nc3 {[%clk 0:57:00]} O-O {[%clk 0:37:54]} 16. f3
{[%clk 0:55:11]} f5 {[%clk 0:23:49]} 17. c5 {[%clk 0:46:58]} Nf6 {[%clk 0:18:59]}
18. Rad1 {[%clk 0:42:59]} Rfd8 {[%clk 0:15:37]} 19. Nc4 {[%clk 0:41:57]} f4
{[%clk 0:13:24]} 20. Bf2 {[%clk 0:42:17]} Ne8 {[%clk 0:12:10]} 21. Qb1
{[%clk 0:39:45]} Rxd1 {[%clk 0:10:42]} 22. Rxd1 {[%clk 0:40:11]} Rd8
{[%clk 0:11:03]} 23. Ba2 {[%clk 0:38:28]} g5 {[%clk 0:06:22]} 24. g4
{[%clk 0:30:36]} Rxd1+ {[%clk 0:05:42]} 25. Qxd1 {[%clk 0:30:36]} Qd8
{[%clk 0:05:59]} 26. Qe2 {[%clk 0:28:22]} Qd7 {[%clk 0:04:24]} 27. b4
{[%clk 0:28:16]} Nd8 {[%clk 0:03:25]} 28. a4 {[%clk 0:27:17]} a6 {[%clk 0:03:25]}
29. Nb6 {[%clk 0:25:12]} Qf7 {[%clk 0:03:43]} 30. Bb1 {[%clk 0:25:33]} h5
{[%clk 0:03:42]} 31. h3 {[%clk 0:26:02]} hxg4 {[%clk 0:03:14]} 32. hxg4
{[%clk 0:26:26]} Nc7 {[%clk 0:01:52]} 33. Qd3 {[%clk 0:26:02]} Bf6
{[%clk 0:02:02]} 34. Nd1 {[%clk 0:24:31]} Qh7 {[%clk 0:01:56]} 35. Kg2
{[%clk 0:24:47]} Qf7 {[%clk 0:02:16]} 36. Nb2 {[%clk 0:24:47]} Qe7
{[%clk 0:01:59]} 37. N2c4 {[%clk 0:25:02]} Nf7 {[%clk 0:01:15]} 38. Na5
{[%clk 0:22:59]} Nd8 {[%clk 0:00:46]} 39. Be1 {[%clk 0:21:48]} Ne8
{[%clk 0:00:53]} 40. Bc3 {[%clk 0:50:51]} Qh7 {[%clk 0:30:40]} 41. Qd1
{[%clk 0:46:16]} Qc7 {[%clk 0:21:26]} 42. Bc2 {[%clk 0:43:43]} Qe7
{[%clk 0:15:02]} 43. Nac4 {[%clk 0:42:35]} Nf7 44. Qa1 {[%clk 0:42:26]} Qd8
{[%clk 0:12:03]} 45. Qb1 {[%clk 0:41:43]} Qe7 {[%clk 0:11:42]} 46. Bd3
{[%clk 0:41:29]} Nc7 {[%clk 0:09:34]} 47. Qa1 {[%clk 0:40:22]} Bxc4
{[%clk 0:09:08]} 48. Bxc4 {[%clk 0:40:36]} Ne6 {[%clk 0:07:43]} 49. Qa2
{[%clk 0:40:40]} Nfd8 {[%clk 0:07:32]} 50. Nc8 {[%clk 0:40:19]} Qd7
{[%clk 0:07:40]} 51. Nd6 {[%clk 0:40:41]} Kf8 {[%clk 0:07:17]} 52. Qa1
{[%clk 0:36:10]} Nd4 {[%clk 0:04:19]} 53. Qh1 {[%clk 0:35:38]} Nc2
{[%clk 0:03:43]} 54. Bd2 {[%clk 0:34:22]} Bg7 {[%clk 0:01:37]} 55. Qh7
{[%clk 0:34:34]} 1-0

[Event "IMP Mezczyzn do lat 20"]
[Site "Chotowa"]
[Date "2023.10.31"]
[Round "2.5"]
[White "Ugorek, Kacper"]
[Black "Krawczyk, Flawian"]
[Result "1/2-1/2"]
[BlackElo "2288"]
[WhiteElo "1999"]
[LiveChessVersion "1.4.8"]

1. Nf3 {[%clk 1:30:45]} Nf6 {[%clk 1:30:17]} 2. g3 {[%clk 1:31:08]} g6
{[%clk 1:30:41]} 3. Bg2 {[%clk 1:31:31]} Bg7 {[%clk 1:31:07]} 4. d4
{[%clk 1:31:50]} O-O {[%clk 1:31:29]} 5. O-O {[%clk 1:32:13]} d6 {[%clk 1:31:54]}
6. b3 {[%clk 1:32:31]} c5 {[%clk 1:29:32]} 7. Bb2 {[%clk 1:32:41]} cxd4
{[%clk 1:28:32]} 8. Nxd4 {[%clk 1:32:48]} a6 {[%clk 1:28:37]} 9. c4
{[%clk 1:31:15]} d5 {[%clk 1:24:37]} 10. cxd5 {[%clk 1:25:52]} Nxd5
{[%clk 1:23:25]} 11. Na3 e6 {[%clk 1:18:04]} 12. Nc4 {[%clk 1:11:53]} b5
{[%clk 1:17:41]} 13. Bxd5 {[%clk 1:11:34]} exd5 {[%clk 1:17:55]} 14. Nd2
{[%clk 1:11:43]} Bh3 {[%clk 1:16:57]} 15. Re1 {[%clk 1:12:12]} Qd6
{[%clk 1:04:21]} 16. N2f3 {[%clk 1:09:56]} Nd7 {[%clk 0:59:29]} 17. Rc1
{[%clk 1:08:32]} Nf6 {[%clk 0:56:46]} 18. Rc6 {[%clk 1:03:42]} Qe7
{[%clk 0:56:06]} 19. Qc2 Qe4 {[%clk 0:51:31]} 20. Rc1 {[%clk 0:54:56]} Qxc2
{[%clk 0:48:43]} 21. R1xc2 {[%clk 0:53:45]} Ne4 {[%clk 0:48:59]} 22. Nd2
{[%clk 0:50:04]} Bxd4 {[%clk 0:43:47]} 23. Bxd4 {[%clk 0:50:01]} Nxd2
{[%clk 0:44:07]} 24. Rxd2 {[%clk 0:50:30]} Rac8 {[%clk 0:44:15]} 25. Rdc2
{[%clk 0:50:42]} Rxc6 {[%clk 0:44:41]} 26. Rxc6 {[%clk 0:51:09]} Rc8
{[%clk 0:45:09]} 27. Rxc8+ {[%clk 0:51:27]} Bxc8 {[%clk 0:45:37]} 28. b4
{[%clk 0:51:51]} Kf8 {[%clk 0:46:00]} 29. f3 {[%clk 0:52:15]} Ke7
{[%clk 0:46:25]} 30. Kf2 {[%clk 0:52:43]} Bf5 {[%clk 0:46:51]} 1/2-1/2

[Event "IMP Mezczyzn do lat 20"]
[Site "Chotowa"]
[Date "2023.10.31"]
[Round "2.6"]
[White "Janeczko, Jakub"]
[Black "Karas, Kacper"]
[Result "1-0"]
[BlackElo "1445"]
[WhiteElo "2280"]
[LiveChessVersion "1.4.8"]

1. Nf3 {[%clk 1:30:47]} c5 {[%clk 1:30:15]} 2. c4 {[%clk 1:30:45]} g6
{[%clk 1:28:08]} 3. d4 {[%clk 1:24:35]} Bg7 {[%clk 1:19:28]} 4. e4
{[%clk 1:19:08]} cxd4 {[%clk 1:15:06]} 5. Nxd4 {[%clk 1:19:31]} Nc6
{[%clk 1:13:06]} 6. Be3 {[%clk 1:19:29]} d6 {[%clk 1:11:33]} 7. Nc3
{[%clk 1:16:44]} Nf6 {[%clk 1:10:27]} 8. Be2 {[%clk 1:16:15]} Bd7
{[%clk 1:06:31]} 9. O-O {[%clk 1:15:05]} O-O {[%clk 1:04:26]} 10. f3
{[%clk 1:15:19]} Nxd4 {[%clk 0:54:55]} 11. Bxd4 {[%clk 1:15:42]} Bc6
{[%clk 0:52:45]} 12. Rc1 {[%clk 1:10:19]} Nd7 {[%clk 0:38:17]} 13. Bxg7
{[%clk 0:57:03]} Kxg7 {[%clk 0:38:09]} 14. Qd4+ {[%clk 0:53:45]} Kg8
{[%clk 0:37:09]} 15. Rfd1 {[%clk 0:52:47]} Qb6 {[%clk 0:25:40]} 16. b3
{[%clk 0:51:53]} Rfc8 {[%clk 0:20:42]} 17. f4 {[%clk 0:45:52]} Qxd4+
{[%clk 0:12:46]} 18. Rxd4 {[%clk 0:46:19]} Nc5 {[%clk 0:08:53]} 19. Nd5
{[%clk 0:43:34]} Bxd5 {[%clk 0:08:37]} 20. exd5 {[%clk 0:43:57]} a5
{[%clk 0:02:18]} 21. Rc3 {[%clk 0:38:11]} h5 {[%clk 0:00:43]} 22. Re3
{[%clk 0:37:53]} Kf8 {[%clk 0:00:42]} 23. f5 {[%clk 0:36:45]} Rc7
{[%clk 0:00:33]} 24. fxg6 {[%clk 0:36:51]} f6 {[%clk 0:00:32]} 25. Rh4
{[%clk 0:36:39]} Kg7 {[%clk 0:00:45]} 26. Rxh5 {[%clk 0:37:02]} Rh8
{[%clk 0:00:47]} 27. Rxh8 {[%clk 0:36:54]} Kxh8 {[%clk 0:01:15]} 28. h4
{[%clk 0:36:44]} a4 {[%clk 0:01:15]} 29. b4 {[%clk 0:37:09]} Na6 {[%clk 0:00:39]}
30. a3 {[%clk 0:37:39]} Kg7 {[%clk 0:00:39]} 31. h5 {[%clk 0:38:04]} 1-0

[Event "IMP Mezczyzn do lat 20"]
[Site "Chotowa"]
[Date "2023.10.31"]
[Round "2.7"]
[White "Kraczek, Cezary"]
[Black "Meers, Hubert"]
[Result "1/2-1/2"]
[BlackElo "2256"]
[WhiteElo "1707"]
[LiveChessVersion "1.4.8"]

1. Nf3 {[%clk 1:30:58]} f5 {[%clk 1:30:56]} 2. g3 {[%clk 1:29:11]} Nf6 3. Bg2
{[%clk 1:29:30]} g6 {[%clk 1:31:40]} 4. O-O {[%clk 1:29:01]} Bg7 {[%clk 1:32:05]}
5. c4 {[%clk 1:28:57]} d6 {[%clk 1:32:14]} 6. d4 {[%clk 1:28:41]} O-O
{[%clk 1:32:37]} 7. Nc3 {[%clk 1:27:02]} Nc6 {[%clk 1:32:54]} 8. d5 Ne5
{[%clk 1:32:54]} 9. Nxe5 {[%clk 1:13:22]} dxe5 {[%clk 1:33:22]} 10. e4
{[%clk 1:13:39]} e6 {[%clk 1:27:40]} 11. dxe6 {[%clk 1:07:20]} Bxe6
{[%clk 1:27:13]} 12. b3 {[%clk 1:06:18]} c6 {[%clk 1:26:05]} 13. Ba3
{[%clk 1:03:54]} Rf7 {[%clk 1:23:42]} 14. Qxd8+ {[%clk 1:00:04]} Rxd8
{[%clk 1:24:08]} 15. Rad1 {[%clk 1:00:26]} Rfd7 {[%clk 1:24:30]} 16. exf5
{[%clk 0:58:38]} gxf5 {[%clk 1:22:41]} 17. Rxd7 {[%clk 0:54:21]} Rxd7
{[%clk 1:21:54]} 18. Rd1 {[%clk 0:53:46]} Kf7 {[%clk 1:18:15]} 19. Kf1 e4
{[%clk 1:14:48]} 20. Rxd7+ {[%clk 0:41:52]} Nxd7 {[%clk 1:15:12]} 21. Ne2
{[%clk 0:41:27]} Ne5 {[%clk 1:13:55]} 22. Nf4 {[%clk 0:40:01]} Bh6
{[%clk 1:13:01]} 23. Bc1 {[%clk 0:38:18]} Bxf4 {[%clk 1:11:22]} 24. Bxf4
{[%clk 0:38:21]} Kf6 {[%clk 1:11:24]} 25. Ke2 {[%clk 0:34:38]} Bf7
{[%clk 1:01:47]} 26. h3 {[%clk 0:29:57]} Bh5+ {[%clk 0:50:40]} 27. Kd2
{[%clk 0:28:51]} a6 {[%clk 0:50:19]} 28. Be3 {[%clk 0:19:59]} Ke6
{[%clk 0:48:55]} 29. Kc3 {[%clk 0:19:03]} Be2 {[%clk 0:48:59]} 30. Bd4
{[%clk 0:16:16]} Bd3 {[%clk 0:46:09]} 31. a3 {[%clk 0:14:51]} Kd6
{[%clk 0:44:57]} 32. Be3 {[%clk 0:11:44]} c5 {[%clk 0:38:27]} 33. Bf4
{[%clk 0:11:09]} b5 {[%clk 0:37:44]} 34. cxb5 {[%clk 0:10:51]} axb5
{[%clk 0:36:58]} 35. h4 {[%clk 0:06:54]} Ke6 {[%clk 0:33:09]} 36. Bh3
{[%clk 0:06:03]} Nf3 {[%clk 0:31:35]} 37. Be3 {[%clk 0:04:15]} Ng1
{[%clk 0:31:50]} 38. Bg2 {[%clk 0:04:27]} Kd5 {[%clk 0:29:53]} 39. Kb2
{[%clk 0:01:18]} c4 {[%clk 0:15:26]} 40. bxc4+ {[%clk 0:31:03]} bxc4
{[%clk 0:45:51]} 41. a4 {[%clk 0:26:58]} Kc6 {[%clk 0:44:02]} 1/2-1/2